| 000 | 00469nam a2200181Ia 4500 | ||
|---|---|---|---|
| 001 | 17617 | ||
| 005 | 20260306171530.0 | ||
| 008 | 260306s9999||||xx |||||||||||||| ||und|| | ||
| 041 | _aESP | ||
| 082 |
_a658.1 _bL92 |
||
| 100 |
_aLouffat, Enrique _eAUT |
||
| 245 | 0 |
_aOrganigramas y manuales organizacionales: _bfundamentos para su elaboración |
|
| 260 | _c2006 | ||
| 300 |
_a149 pƔginas : _c17 cm. |
||
| 650 | _aGEN | ||
| 654 | _aCAN | ||
| 942 |
_cLIB _dJUS _fJUS _2ddc _n |
||
| 999 |
_c17617 _d17617 |
||